Petroleum technology quarterly (Record no. 38607)

MARC details
000 -LEADER
fixed length control field 00455nam a2200169Ia 4500
022 ## - INTERNATIONAL STANDARD SERIAL NUMBER
ISSN 1632363X
050 ## - CALL MARK
Classification number TP 690.A1 .P48/
245 #0 - TITLE STATEMENT
Title Petroleum technology quarterly
260 ## - PUBLICATION, DISTRIBUTION, ETC. (IMPRINT)
Place of publication U.k.
260 ## - PUBLICATION, DISTRIBUTION, ETC. (IMPRINT)
Name of publisher Crambeth Allen Publishing Ltd.
260 ## - PUBLICATION, DISTRIBUTION, ETC. (IMPRINT)
Year of publication 2016
300 ## - PHYSICAL DESCRIPTION
Number of Pages 128 p. : ill. ; 30 cm.
650 ## - SUBJECT ADDED ENTRY--TOPICAL TERM
Topical Term Petroleum--Periodicals. Natural gas--Periodicals.
942 ## - ADDED ENTRY ELEMENTS (KOHA)
Koha item type Serials

No items available.